000 02217nam0a2200433 4500
001 RU\NLR\bibl\1239122
005 20260405105454.0
010 _a978-5-85824-177-5
_93000
021 _aRU
_b2008-30518
_91687
035 _a(NLR Aleph) 001225333
090 _a164325
_c164325
100 _a20080609d2008 |||y0rusy50 ca
101 0 _arus
102 _aRU
105 _aa |||||||||
200 1 _aДве России XX века
_eобзор истории 1917-1993
_fБ.С. Пушкарев, К.М. Александров, С.С. Балмасов [и др.]
210 _aМосква
_cПосев
_d2008
215 _a591 с.
_cил., портр., карт., факс.
_d22
300 _aНа 590-й с. авт.: Пушкарев Б.С. - проф., Александров К.М. - к.ист.н., Балмасов С.С.
300 _aНа обл. авт.: Б.С. Пушкарев
320 _aБиблиогр. в конце гл. и в подстроч. прим.
320 _aУказ. имен лиц, упомянутых в тексте: с. 563-589
320 _aДр. произведения авт. на 590-й с.
325 _aКопия доступна в Электрон. б-ке РНБ http://vivaldi.nlr.ru/bx000032673/view
607 _aРоссия
_xИстория
_z20 в.
_92083346
_3RU\NLR\auth\661259397
686 _aТ3(2)7,02
701 1 _aПушкарев
_bБ. С.
_f1929-
_gБорис Сергеевич
_4070
701 1 _4070
_7ca
_8rus
_aАлександров
_bК. М.
_cканд. ист. наук
_f1972-
_gКирилл Михайлович
_923736
_3RU\NLR\auth\7740785
701 1 _aБалмасов
_bС. С.
_f1977-
_gСергей Станиславович
_4070
801 0 _aRU
_bNLR
_c20080609
_gRCR
801 1 _aRU
_bNLR
_c20080609
830 _aавт. по кн.
942 _cBOOK
980 _aNB
981 1 3 _a(13) Документы, защищенные авторским правом
_b(13) Современная научная, научно-популярная и популярная литература